| 000 | 00622nam a2200205Ia 4500 | ||
|---|---|---|---|
| 008 | 220216s9999 xx 000 0 und d | ||
| 100 | _aAsokan M.P. | ||
| 245 | 0 | _aIsozyme markers for distinguishing embryogenic and non-embryogenic callus during somatic embryogenesis in Hevea brasiliensis (Muell.)Arg. | |
| 260 |
_bJournal of Tree Sciences _c2001 |
||
| 300 | _a78-85 | ||
| 650 | _aIsozyme | ||
| 650 | _aSomatic embryogenesis | ||
| 700 | _aJayashree R. | ||
| 700 | _aJayasree P.K. | ||
| 700 | _aKala R.G. | ||
| 700 | _aNarasimhan K. | ||
| 700 | _aSushamakumari S. | ||
| 700 | _aThulaseedharan A. | ||
| 942 | _cBS | ||
| 999 |
_c51696 _d51696 |
||